01470naa a2200253 i 45000010005000000030009000050050017000140080039000310400021000700800010000911000153001012450117002545000026003716500017003976500011004146550030004257000148004557000145006037000147007487110136008957730157010319420013011889990015012016750KOSZ 00520180430135108.0140510s1987 pl f |100 0 pol cBPKdKOSZ 005/HR a637.11 aTARASEWICZ, Władysław.d1983 - 1991.bWyższa Szkoła Inżynierska w Koszalinie - Wydział Mechaniczny,cZakład Maszyn Przemysłu Spożywczego10aNormalizacja mleka w przepływie /cWładysław Tarasewicz, Grzegorz Radomski, Jerzy Maceluch, Janusz Owczarzak. aDane z kartoteki bpp. 0aMleczarstwo. 0aMleko. 0aMateriały konferencyjne.1 aRADOMSKI, Grzegorz.d1980 - 1996.bWyższa Szkoła Inżynierska w Koszalinie - Wydział Mechaniczny,cZakład Maszyn Przemysłu Spożywczego1 aMACELUCH, Jerzy.d1977 - 1996.bWyższa Szkoła Inżynierska w Koszalinie - Wydział Mechaniczny,cZakład Maszyn Przemysłu Spożywczego1 aOWCZARZAK, Janusz.d1980 - 1990.bWyższa Szkoła Inżynierska w Koszalinie - Wydział Mechaniczny,cZakład Maszyn Przemysłu Spożywczego22aPostęp w technice, technologii i organizacji produkcji w przemyśle mleczarskim : Sesja Naukowan(3 ;d1987 ;cOlsztyn, Polska). iW :tPostęp w technice, technologii i organizacji produkcji w przemyśle mleczarskim : materiały III Sesji Naukowej. -dOlsztyn, 1987. -gs. 199-201 cROZ2UKD c6750d6750